[Event "DEM U10"]
[Site "Willingen"]
[Date "2006.06.06"]
[Round "6.24"]
[White "Volz, Alexander"]
[Black "Svane, Rasmus"]
[Result "0-1"]
[WhiteElo "1366"]
[BlackElo "1034"]
[PlyCount "100"]
[EventDate "2006.??.??"]
[EventType "swiss"]
[EventRounds "11"]
[EventCountry "GER"]

1. e4 c5 2. Nf3 Nc6 3. d4 cxd4 4. Nxd4 Nf6 5. Nc3 e5 6. Nf3 Bb4 7. Bd2 O-O 8.
Bd3 d5 9. Nxd5 Bxd2+ 10. Qxd2 Nxd5 11. exd5 e4 12. dxc6 exf3 13. cxb7 Bxb7 14.
g3 Re8+ 15. Kd1 Qb6 16. Kc1 Red8 17. Qe3 Qf6 18. Re1 Bc6 19. Qe5 Qh6+ 20. Qe3
Qf6 21. Rb1 Re8 22. Qd2 Rxe1+ 23. Qxe1 Qh6+ 24. Qe3 Qxh2 25. Kd2 Qh5 26. a3 Qd5
27. Re1 Qd7 28. Kc1 Qd5 29. Be4 Qxe4 30. Qxe4 Bxe4 31. Rxe4 g5 32. g4 Rf8 33.
Re7 f5 34. gxf5 g4 35. Re4 h5 36. Rf4 Kg7 37. b4 Kh6 38. Kd2 Kg5 39. Rd4 h4 40.
Re4 Rxf5 41. Re1 g3 42. fxg3 hxg3 43. Ke3 f2 44. Rf1 g2 45. Rxf2 g1=Q 46. c4
Qxf2+ 47. Kd3 Qf3+ 48. Kc2 Qe3 49. c5 Rf2+ 50. Kd1 Qd2# 0-1

[Event "DEM U10"]
[Site "Willingen"]
[Date "2006.06.06"]
[Round "6.26"]
[White "Haferland, Konstantin"]
[Black "Bluhm, Sonja Maria"]
[Result "1/2-1/2"]
[WhiteElo "1277"]
[BlackElo "963"]
[PlyCount "43"]
[EventDate "2006.??.??"]
[EventType "swiss"]
[EventRounds "11"]
[EventCountry "GER"]

1. e4 e5 2. Nf3 Nc6 3. d4 exd4 4. Nxd4 Nf6 5. Nc3 Bb4 6. Nxc6 bxc6 7. Bd3 d5 8.
O-O O-O 9. Bg5 h6 10. Bf4 Re8 11. a3 Bd6 12. Bxd6 Qxd6 13. f3 Qc5+ 14. Kh1 Be6
15. Qd2 Rad8 16. Rae1 Qb6 17. Na4 Qd4 18. b3 dxe4 19. fxe4 Bxb3 20. cxb3 Qxd3
21. Qxd3 Rxd3 22. Rf3 1/2-1/2

[Event "DEM U10"]
[Site "Willingen"]
[Date "2006.06.06"]
[Round "6.27"]
[White "Nelson, Philip"]
[Black "Knopf, Felix"]
[Result "0-1"]
[WhiteElo "1103"]
[BlackElo "1251"]
[PlyCount "116"]
[EventDate "2006.??.??"]
[EventType "swiss"]
[EventRounds "11"]
[EventCountry "GER"]

1. e4 c5 2. c3 d5 3. exd5 Qxd5 4. d4 Nc6 5. Bb5 Qxg2 6. Bxc6+ Qxc6 7. Nf3 Bg4
8. Nbd2 e6 9. Rg1 Bxf3 10. Nxf3 g6 11. dxc5 Qxc5 12. Be3 Qc7 13. Bd4 f6 14. h3
Bg7 15. Qe2 e5 16. Qe3 b6 17. Qe4 Rd8 18. O-O-O Ne7 19. Be3 O-O 20. Rxd8 Rxd8
21. Rd1 Rxd1+ 22. Kxd1 Qd7+ 23. Kc1 Kf7 24. Qc4+ Qe6 25. Qxe6+ Kxe6 26. Kc2 Nd5
27. Bd2 Kd6 28. c4 Ne7 29. Bb4+ Ke6 30. Kb3 Nc6 31. Bc3 Bf8 32. Ka4 Bc5 33. Kb5
Nd4+ 34. Nxd4+ Bxd4 35. Bxd4 exd4 36. Kb4 Ke5 37. Kb3 h5 38. a4 g5 39. Kc2 g4
40. hxg4 hxg4 41. b4 f5 42. c5 bxc5 43. bxc5 Kd5 44. c6 Kxc6 45. Kd3 Kd5 46. a5
f4 47. Kd2 g3 48. fxg3 fxg3 49. Ke2 g2 50. Kf2 d3 51. Kxg2 d2 52. Kf2 d1=Q 53.
a6 Qd3 54. Kg2 Ke4 55. Kh2 Qf3 56. Kg1 Qe2 57. Kh1 Kf3 58. Kg1 Qg2# 0-1

[Event "DEM U10"]
[Site "Willingen"]
[Date "2006.06.06"]
[Round "6.28"]
[White "Schnorr, Christian"]
[Black "Imgrunt, Philipp"]
[Result "1-0"]
[WhiteElo "1372"]
[BlackElo "982"]
[PlyCount "99"]
[EventDate "2006.??.??"]
[EventType "swiss"]
[EventRounds "11"]
[EventCountry "GER"]

1. d4 d5 2. Nf3 e6 3. e3 Bd6 4. Bd3 Nf6 5. c3 O-O 6. O-O Bd7 7. Nbd2 Nc6 8. e4
dxe4 9. Nxe4 Re8 10. Nxf6+ Qxf6 11. Bg5 Qxg5 12. Nxg5 h6 13. Nf3 Ne7 14. Re1
Rad8 15. Bc2 Bc6 16. Qd3 Nf5 17. Kh1 Bc5 18. b4 Bd6 19. b5 Bd7 20. g4 b6 21.
gxf5 exf5 22. Rxe8+ Rxe8 23. Re1 Rd8 24. Ne5 Be6 25. Nc6 Ra8 26. Rg1 g6 27. Qf3
Kg7 28. Bxf5 Bxf5 29. Qxf5 Re8 30. Ne5 Bxe5 31. dxe5 Re6 32. f4 Kf8 33. Qxe6
fxe6 34. Rxg6 Kf7 35. Rxh6 Ke7 36. h4 Kf7 37. h5 Ke7 38. Rh7+ Kf8 39. h6 Ke8
40. Re7+ Kxe7 41. h7 Kf7 42. h8=Q Kg6 43. Qf8 Kh7 44. Qf7+ Kh6 45. Qg8 c5 46.
bxc6 b5 47. c7 b4 48. c8=N bxc3 49. Ne7 c2 50. Qg6# 1-0

[Event "DEM U10"]
[Site "Willingen"]
[Date "2006.06.06"]
[Round "6.29"]
[White "Helle, Samuel"]
[Black "Palm, Sören"]
[Result "1-0"]
[WhiteElo "1358"]
[BlackElo "1023"]
[PlyCount "61"]
[EventDate "2006.??.??"]
[EventType "swiss"]
[EventRounds "11"]
[EventCountry "GER"]

1. e4 e5 2. Nf3 Nc6 3. c3 Nf6 4. d4 d6 5. Bb5 Bd7 6. d5 Ne7 7. Bd3 c6 8. c4
Qa5+ 9. Bd2 Qc5 10. Nc3 Ng4 11. O-O cxd5 12. cxd5 f5 13. Rc1 f4 14. Na4 Bxa4
15. Qxa4+ b5 16. Bxb5+ Qxb5 17. Qxb5+ Kf7 18. h3 Nf6 19. Rfe1 h5 20. Ng5+ Kg6
21. Ne6 Kh6 22. g3 g5 23. gxf4 gxf4 24. Kh1 Ng6 25. Rc7 Rg8 26. Qa6 Nh4 27. Bc1
Nf3 28. Rf1 Nxe4 29. Qe2 Nxf2+ 30. Qxf2 Rg3 31. Qxg3 1-0

[Event "DEM U10"]
[Site "Willingen"]
[Date "2006.06.06"]
[Round "6.30"]
[White "Urban, Lars"]
[Black "Steimbach, Isabel"]
[Result "1-0"]
[WhiteElo "1265"]
[BlackElo "975"]
[PlyCount "59"]
[EventDate "2006.??.??"]
[EventType "swiss"]
[EventRounds "11"]
[EventCountry "GER"]

1. c4 e5 2. Nc3 Nf6 3. Nf3 Nc6 4. d4 exd4 5. Nxd4 Bb4 6. g3 d5 7. Nxc6 bxc6 8.
Bg2 Bb7 9. Qb3 c5 10. O-O dxc4 11. Qxc4 Bxg2 12. Kxg2 O-O 13. Rd1 Qe7 14. Bf4
c6 15. Bd6 Qe6 16. Qxe6 fxe6 17. Bxf8 Kxf8 18. f3 Bxc3 19. bxc3 Nd5 20. Kf2 c4
21. Rdc1 e5 22. e4 Nf6 23. Kg2 Rb8 24. Rab1 Rb6 25. Rxb6 axb6 26. Rb1 b5 27. a4
bxa4 28. Ra1 Nd7 29. Rxa4 Nc5 30. Rxc4 1-0

[Event "DEM U10"]
[Site "Willingen"]
[Date "2006.06.06"]
[Round "6.31"]
[White "Bakalarz, Bianca"]
[Black "Hümmecke, Aaron"]
[Result "0-1"]
[WhiteElo "1033"]
[BlackElo "1260"]
[PlyCount "56"]
[EventDate "2006.??.??"]
[EventType "swiss"]
[EventRounds "11"]
[EventCountry "GER"]

1. e4 e5 2. Nf3 Nc6 3. d4 exd4 4. Nxd4 Qf6 5. Qd2 Qxd4 6. Bd3 Nf6 7. Nc3 Bb4 8.
O-O O-O 9. a3 Bxc3 10. bxc3 Qe5 11. Re1 d6 12. Rb1 Re8 13. Bb2 Bd7 14. c4 Qe6
15. Re3 Ng4 16. Rg3 Nge5 17. f4 Nxd3 18. cxd3 Qh6 19. Rh3 Qe6 20. f5 Qe7 21.
Qc3 f6 22. Qd2 Kh8 23. Qe2 Bxf5 24. Qf3 Bd7 25. Rg3 Ne5 26. Qf2 Rf8 27. Bc3 b6
28. Qd2 c5 0-1

[Event "DEM U10"]
[Site "Willingen"]
[Date "2006.06.06"]
[Round "6.33"]
[White "Manusina, Nicole"]
[Black "Berger, Nadja"]
[Result "0-1"]
[WhiteElo "1110"]
[BlackElo "801"]
[PlyCount "52"]
[EventDate "2006.??.??"]
[EventType "swiss"]
[EventRounds "11"]
[EventCountry "GER"]

1. d4 c5 2. e3 e6 3. Nf3 d6 4. dxc5 dxc5 5. Qxd8+ Kxd8 6. Nc3 g6 7. Ne5 Ke7 8.
Nb5 Nd7 9. Nc4 Nb6 10. e4 Bd7 11. Nbd6 Nxc4 12. Nxc4 Bg7 13. Be3 b6 14. O-O-O
Nh6 15. h3 Bc6 16. f3 f5 17. e5 Nf7 18. f4 Rhd8 19. Rxd8 Rxd8 20. Bd3 Bxg2 21.
Rh2 Bc6 22. Bf2 Bh6 23. Bg3 Rd4 24. Rf2 Be4 25. Bxe4 Rxe4 26. Nd2 Re1# 0-1

[Event "DEM U10"]
[Site "Willingen"]
[Date "2006.06.06"]
[Round "6.34"]
[White "Bonk, Andras"]
[Black "Schmalhorst, Sophia"]
[Result "1-0"]
[WhiteElo "1084"]
[BlackElo "879"]
[PlyCount "51"]
[EventDate "2006.??.??"]
[EventType "swiss"]
[EventRounds "11"]
[EventCountry "GER"]

1. e4 e5 2. Nf3 Nc6 3. Bc4 h6 4. d3 Nf6 5. Nc3 Bc5 6. Be3 Bb6 7. O-O O-O 8. Qc1
d6 9. h3 Be6 10. Bxe6 fxe6 11. Bd2 Nd4 12. Nxd4 exd4 13. Ne2 e5 14. f4 Qe7 15.
Ng3 Nd7 16. Nf5 Qe6 17. fxe5 dxe5 18. Rf3 Nf6 19. Nxh6+ gxh6 20. Bb4 Rf7 21.
Qxh6 Rg7 22. Rxf6 Qd7 23. Raf1 c5 24. Ba3 Qe7 25. R1f5 Rf8 26. Rxf8+ 1-0

[Event "DEM U10"]
[Site "Willingen"]
[Date "2006.06.06"]
[Round "6.35"]
[White "Hauffen, Franziska"]
[Black "Puffay, Jana"]
[Result "0-1"]
[WhiteElo "1084"]
[BlackElo "733"]
[PlyCount "88"]
[EventDate "2006.??.??"]
[EventType "swiss"]
[EventRounds "11"]
[EventCountry "GER"]

1. e4 e5 2. Nf3 Nc6 3. Bc4 Nf6 4. Ng5 Qe7 5. Bxf7+ Kd8 6. Bc4 Ke8 7. Nc3 d6 8.
h3 h6 9. Nf3 Nd4 10. Nxd4 exd4 11. Nd5 Qxe4+ 12. Qe2 Qxe2+ 13. Kxe2 Nxd5 14.
Bxd5 Bf5 15. d3 Be7 16. Re1 Kd8 17. Bxb7 Rb8 18. Bd5 Rf8 19. Kf1 Bd7 20. Re4 c5
21. Bd2 Rxb2 22. Bb3 Bg5 23. Bxg5+ hxg5 24. g4 Rh8 25. Ke2 Rxh3 26. Rg1 a5 27.
Kd1 Rb1+ 28. Ke2 Rxg1 29. Kd2 Rh2 30. Re2 Bxg4 31. f3 Rxe2+ 32. Kxe2 Rg2+ 33.
Kf1 Bxf3 34. Ke1 g4 35. Kf1 g3 36. Be6 Re2 37. Bh3 g2+ 38. Bxg2 Rxg2 39. Ke1 g5
40. Kf1 Rxc2 41. Kg1 g4 42. Kf1 g3 43. Ke1 g2 44. a4 g1=Q# 0-1

[Event "DEM U10"]
[Site "Willingen"]
[Date "2006.06.06"]
[Round "6.37"]
[White "Haryanto, Selina"]
[Black "Holle, Cedric"]
[Result "0-1"]
[WhiteElo "979"]
[BlackElo "1049"]
[PlyCount "162"]
[EventDate "2006.??.??"]
[EventType "swiss"]
[EventRounds "11"]
[EventCountry "GER"]

1. e4 e5 2. Nf3 Nc6 3. Bc4 Bc5 4. b4 Bd4 5. c3 Bb6 6. d4 d6 7. Qb3 Qe7 8. Bg5
Nf6 9. d5 Nd8 10. Bb5+ c6 11. Ba4 a6 12. c4 Bd7 13. O-O O-O 14. Nc3 Bg4 15. Nd2
Bd4 16. Qa3 Bxc3 17. Qxc3 b5 18. Bb3 bxc4 19. Qxc4 cxd5 20. exd5 h6 21. Bh4 e4
22. Nxe4 Qxe4 23. Bxf6 Qxc4 24. Bxc4 gxf6 25. Rfe1 Kg7 26. h3 Bf5 27. Re3 Rg8
28. Rae1 Nb7 29. Re7 Rgb8 30. g4 Bc2 31. Kg2 a5 32. b5 Nc5 33. Kg3 Nd3 34. R1e3
Ne5 35. f4 Nxc4 36. Rc3 Bb1 37. Rxc4 Bxa2 38. Rcc7 Bxd5 39. h4 Rxb5 40. g5 Rg8
41. Kg4 h5+ 42. Kf5 Be6+ 43. Ke4 Rb4+ 44. Kf3 a4 45. Ra7 d5 46. f5 Rb3+ 47. Kf4
Rc8 48. gxf6+ Kxf6 49. Rec7 Rxc7 50. Rxc7 Bxf5 51. Ra7 a3 52. Ra5 Be6 53. Rxa3
d4 54. Ra6 d3 55. Rd6 Ke7 56. Rd4 Bd7 57. Kg5 f5 58. Kxh5 Ke6 59. Kg5 Be8 60.
h5 Bxh5 61. Kxh5 Ke5 62. Rd8 Kf4 63. Kh4 Kf3 64. Kg5 f4 65. Rd4 Ke3 66. Rd7 d2
67. Re7+ Kf3 68. Rh7 d1=Q 69. Rh3+ Kg2 70. Rxb3 Qxb3 71. Kxf4 Qd3 72. Ke5 Kf3
73. Ke6 Qd4 74. Kf5 Qe4+ 75. Kf6 Kg4 76. Kf7 Kg5 77. Kg7 Qe6 78. Kh7 Qf6 79.
Kg8 Qe7 80. Kh8 Kg6 81. Kg8 Qe8# 0-1

[Event "DEM U10"]
[Site "Willingen"]
[Date "2006.06.06"]
[Round "6.38"]
[White "Schreiber, Justina"]
[Black "Dang, An-Hai"]
[Result "0-1"]
[WhiteElo "855"]
[BlackElo "1334"]
[PlyCount "132"]
[EventDate "2006.??.??"]
[EventType "swiss"]
[EventRounds "11"]
[EventCountry "GER"]

1. e4 e5 2. Bc4 Nf6 3. d3 Bc5 4. Bg5 h6 5. Bxf6 Qxf6 6. Qf3 Qxf3 7. Nxf3 Nc6 8.
Nc3 Nd4 9. Nxd4 Bxd4 10. Rb1 c6 11. Ne2 Bb6 12. b4 a6 13. c3 O-O 14. a4 d6 15.
d4 Bg4 16. dxe5 dxe5 17. h3 Bh5 18. Rd1 Bg6 19. Ng3 Kh8 20. Bb3 Rad8 21. O-O
Ba7 22. Bc2 b5 23. a5 c5 24. Kh1 c4 25. f3 Be3 26. Ne2 Kg8 27. Rxd8 Rxd8 28.
Rd1 Rxd1+ 29. Bxd1 Kf8 30. Kh2 Ke7 31. g3 Ke6 32. g4 Bh7 33. Kg3 g6 34. h4 f5
35. exf5+ gxf5 36. f4 Bd2 37. g5 hxg5 38. hxg5 exf4+ 39. Nxf4+ Ke5 40. Ne2 Bxg5
41. Ng1 Ke4 42. Bc2+ Ke3 43. Kg2 Kd2 44. Nf3+ Kxc2 45. Nxg5 Bg6 46. Ne6 Kxc3
47. Nc7 Kxb4 48. Nxa6+ Kxa5 49. Nc5 b4 50. Kf3 b3 51. Ke3 b2 52. Kd4 b1=Q 53.
Kxc4 Qb4+ 54. Kd5 Kb6 55. Nd7+ Kc7 56. Nc5 f4 57. Ne6+ Kd7 58. Nc5+ Qxc5+ 59.
Kxc5 f3 60. Kd5 f2 61. Ke5 f1=Q 62. Kd4 Qf5 63. Kc3 Qe4 64. Kb3 Kc6 65. Kb2 Qd3
66. Ka2 Kb5 0-1

[Event "DEM U10"]
[Site "Willingen"]
[Date "2006.06.06"]
[Round "6.39"]
[White "Kuckling, Hannah"]
[Black "Neumann, Florian"]
[Result "1-0"]
[WhiteElo "876"]
[BlackElo "1037"]
[PlyCount "137"]
[EventDate "2006.??.??"]
[EventType "swiss"]
[EventRounds "11"]
[EventCountry "GER"]

1. e4 d5 2. exd5 Qxd5 3. Nc3 Qa5 4. d4 Nf6 5. Bc4 Bf5 6. Bd2 c6 7. Nd5 Qd8 8.
Nxf6+ exf6 9. Nf3 Qe7+ 10. Be2 Qe4 11. O-O Qxc2 12. Qxc2 Bxc2 13. Rfe1 Be7 14.
Bc4 Nd7 15. Bb4 Ne5 16. dxe5 Bxb4 17. Re2 Bg6 18. exf6+ Kf8 19. fxg7+ Kxg7 20.
Re7 b5 21. Rb7 Rab8 22. Rxb8 Rxb8 23. Bb3 a5 24. Ne5 Rc8 25. a4 bxa4 26. Bxa4
c5 27. Nxg6 hxg6 28. b3 Rd8 29. g3 Rd4 30. Bb5 Kf6 31. Kg2 Kf5 32. Kf3 Ke5 33.
Be8 Kf6 34. h4 Rd3+ 35. Kg2 Rxb3 36. g4 c4 37. Rc1 c3 38. Ba4 Ra3 39. Bc2 a4
40. Rb1 Ba5 41. h5 gxh5 42. gxh5 Kg5 43. Rb5+ Kh6 44. Rxa5 Ra2 45. Be4 c2 46.
Rc5 a3 47. Bxc2 Ra1 48. Ra5 Rc1 49. Bb3 f6 50. Rf5 Rb1 51. Rxf6+ Kxh5 52. Rb6
a2 53. Rb5+ Kg6 54. Bc2+ Kf7 55. Rxb1 axb1=Q 56. Bxb1 Kf6 57. Kf3 Kf7 58. Kf4
Kf6 59. f3 Kf7 60. Kf5 Kf8 61. Kf6 Ke8 62. Kg7 Ke7 63. f4 Ke6 64. Bc2 Kd5 65.
f5 Kd4 66. f6 Kc3 67. Bh7 Kd4 68. f7 Ke5 69. f8=Q 1-0

[Event "DEM U10"]
[Site "Willingen"]
[Date "2006.06.06"]
[Round "6.40"]
[White "Rahimi, Anita"]
[Black "Priese, Annika"]
[Result "0-1"]
[WhiteElo "849"]
[BlackElo "1000"]
[PlyCount "72"]
[EventDate "2006.??.??"]
[EventType "swiss"]
[EventRounds "11"]
[EventCountry "GER"]

1. e4 c5 2. f4 Nc6 3. Nf3 d6 4. Nc3 Nf6 5. Bc4 e6 6. d3 Be7 7. Bd2 a6 8. a3 b5
9. Ba2 Bb7 10. O-O O-O 11. h3 Qc7 12. Kh1 Rad8 13. Qe2 Nh5 14. Qf2 Nf6 15. Rae1
d5 16. exd5 exd5 17. Qg3 Bc8 18. Qh4 Ne4 19. Ng5 Bxg5 20. fxg5 Ng3+ 21. Kg1
Nxf1 22. Rxf1 c4 23. d4 Rde8 24. Nxd5 Qd6 25. Nc3 Nxd4 26. Bb1 Ne2+ 27. Nxe2
Rxe2 28. Bb4 Qc6 29. Qg3 Rfe8 30. Bc3 Bb7 31. Rf2 Rxf2 32. Qxf2 Rd8 33. Ba2
Rd1+ 34. Kh2 Qc7+ 35. g3 Qc6 36. b3 Qh1# 0-1

[Event "DEM U10"]
[Site "Willingen"]
[Date "2006.06.06"]
[Round "6.41"]
[White "Schrötter, Luisa"]
[Black "Geise, Maria"]
[Result "1/2-1/2"]
[WhiteElo "748"]
[BlackElo "942"]
[PlyCount "27"]
[EventDate "2006.??.??"]
[EventType "swiss"]
[EventRounds "11"]
[EventCountry "GER"]

1. e4 c5 2. Nf3 a6 3. Be2 Nc6 4. O-O e6 5. d4 cxd4 6. Nxd4 Nxd4 7. Qxd4 d6 8.
Be3 b5 9. Nc3 Bb7 10. f3 Be7 11. Qxg7 Bf6 12. Qg3 Bh4 13. Qg4 Bc8 14. Bf2
1/2-1/2

[Event "DEM U10"]
[Site "Willingen"]
[Date "2006.06.06"]
[Round "6.42"]
[White "Bajorski, Maria Sophie"]
[Black "Srokovskiy, Andrea"]
[Result "0-1"]
[WhiteElo "818"]
[BlackElo "940"]
[PlyCount "64"]
[EventDate "2006.??.??"]
[EventType "swiss"]
[EventRounds "11"]
[EventCountry "GER"]

1. d4 d5 2. c4 e5 3. e3 Nc6 4. Nf3 e4 5. Ne5 Qf6 6. Ng4 Qg5 7. Be2 h5 8. h4 Qe7
9. cxd5 Nxd4 10. Qxd4 Qb4+ 11. Qxb4 Bxb4+ 12. Nc3 Bxg4 13. Bxg4 hxg4 14. a3
Bxc3+ 15. bxc3 O-O-O 16. c4 b5 17. Bb2 bxc4 18. O-O-O Rh5 19. Bxg7 Rhxd5 20.
Bd4 Ra5 21. Kb2 Rad5 22. h5 c5 23. h6 Nxh6 24. Rxh6 cxd4 25. exd4 Rxd4 26. Rb1
Rd2+ 27. Kc3 Rxf2 28. Kxc4 e3 29. Rhh1 e2 30. Kc5 Rf5+ 31. Kc6 Re8 32. Rhc1
Re6# 0-1

[Event "DEM U10"]
[Site "Willingen"]
[Date "2006.06.06"]
[Round "6.43"]
[White "Püschel, Torben"]
[Black "Lagunov, Elina"]
[Result "0-1"]
[WhiteElo "937"]
[BlackElo "857"]
[PlyCount "98"]
[EventDate "2006.??.??"]
[EventType "swiss"]
[EventRounds "11"]
[EventCountry "GER"]

1. d4 Nf6 2. c4 g6 3. Nc3 Bg7 4. e4 d6 5. Nf3 O-O 6. g3 Nbd7 7. Bg2 c5 8. Be3
Qc7 9. b3 Re8 10. O-O a6 11. a4 cxd4 12. Bxd4 Nc5 13. Nd2 Bd7 14. Qc2 Bg4 15.
h3 Be6 16. Rfe1 Bd7 17. e5 Bf5 18. Qd1 dxe5 19. Bxe5 Qd7 20. g4 Bd3 21. Nf3
Rad8 22. Bd4 Ne6 23. Rxe6 fxe6 24. Qxd3 Qc7 25. Be5 Rxd3 26. Bxc7 Rxc3 27. Nd2
Rd3 28. Bf4 Nd5 29. cxd5 Bxa1 30. dxe6 Bb2 31. Nc4 Bd4 32. Bxb7 Rxb3 33. Bxa6
Rf8 34. Bg3 Rf6 35. Bb7 Rxb7 36. a5 Rxe6 37. h4 Rc6 38. Ne3 Ra7 39. Kh2 Rxa5
40. h5 gxh5 41. Nf5 Bf6 42. Ne3 Be5 43. gxh5 Bxg3+ 44. Kxg3 Rxh5 45. Kg4 Rhh6
46. Kf3 Rhf6+ 47. Ke2 h5 48. f3 h4 49. Kf2 h3 0-1

[Event "DEM U10"]
[Site "Willingen"]
[Date "2006.06.06"]
[Round "6.44"]
[White "Hirschmann, Jakob"]
[Black "Michalik, Marina"]
[Result "1/2-1/2"]
[WhiteElo "1042"]
[BlackElo "834"]
[PlyCount "36"]
[EventDate "2006.??.??"]
[EventType "swiss"]
[EventRounds "11"]
[EventCountry "GER"]

1. e4 e5 2. Bc4 Nf6 3. Nc3 Bc5 4. Nf3 Nc6 5. d3 d6 6. h3 Be6 7. Bb3 h6 8. O-O
O-O 9. Be3 Bb6 10. Qd2 Qe7 11. Rfe1 Rad8 12. Nh2 Nd4 13. Na4 Nxb3 14. axb3 Ra8
15. Nxb6 axb6 16. Rxa8 Rxa8 17. f4 exf4 18. Bxf4 Nh5 1/2-1/2

[Event "DEM U10"]
[Site "Willingen"]
[Date "2006.06.06"]
[Round "6.48"]
[White "Schulze, Tabea"]
[Black "Grzeca, Carmen"]
[Result "1-0"]
[WhiteElo "869"]
[BlackElo "858"]
[PlyCount "61"]
[EventDate "2006.??.??"]
[EventType "swiss"]
[EventRounds "11"]
[EventCountry "GER"]

1. e4 e5 2. Nf3 Nc6 3. Bc4 Bc5 4. c3 Nf6 5. d4 exd4 6. cxd4 Bb4+ 7. Nc3 Nxe4 8.
O-O Bxc3 9. Bd5 Bb4 10. Bxe4 O-O 11. Bc2 h6 12. Qd3 g6 13. Bxh6 Re8 14. d5 Na5
15. Qd4 Bf8 16. Bxf8 Rxf8 17. d6 Nc6 18. Qf4 cxd6 19. Qh6 Qf6 20. Ng5 Qg7 21.
Qh4 Nd4 22. Bd3 f5 23. Rfe1 f4 24. Bc4+ Ne6 25. Re4 Re8 26. Rxf4 Qh8 27. Qg4
Kg7 28. Rf7+ Kg8 29. Qe4 Nxg5 30. Qxg6+ Qg7 31. Qxg7# 1-0

[Event "DEM U10"]
[Site "Willingen"]
[Date "2006.06.07"]
[Round "8.1"]
[White "Moritz, Aron"]
[Black "Kyas, Philipp"]
[Result "1-0"]
[WhiteElo "1237"]
[BlackElo "1506"]
[PlyCount "73"]
[EventDate "2006.??.??"]
[EventType "swiss"]
[EventRounds "11"]
[EventCountry "GER"]

1. e4 e5 2. Nf3 Nc6 3. Bb5 Bc5 4. d3 d6 5. Bxc6+ bxc6 6. O-O Nf6 7. h3 O-O 8.
Re1 Re8 9. Be3 Bb6 10. Nbd2 Bb7 11. Nf1 Qd7 12. Ng3 Bxe3 13. Rxe3 g6 14. Qd2
Kg7 15. Rf1 Ng8 16. Nh2 Ne7 17. f4 f5 18. fxe5 dxe5 19. exf5 Nxf5 20. Nxf5+
gxf5 21. Rg3+ Kh8 22. Qg5 Rf8 23. Re1 Rae8 24. Nf3 e4 25. dxe4 fxe4 26. Nh4
Qd4+ 27. Kh2 Rg8 28. Qh5 Qd6 29. Ree3 Rxg3 30. Rxg3 Rg8 31. Nf5 Qe5 32. Ng7 Qd6
33. Nf5 Qf4 34. Qf7 Qxg3+ 35. Nxg3 Rg7 36. Qf6 Kg8 37. Nf5 1-0

[Event "DEM U10"]
[Site "Willingen"]
[Date "2006.06.07"]
[Round "8.2"]
[White "Galkin, Wladislaw"]
[Black "Osmanodja, Filiz"]
[Result "0-1"]
[WhiteElo "1457"]
[BlackElo "1609"]
[PlyCount "58"]
[EventDate "2006.??.??"]
[EventType "swiss"]
[EventRounds "11"]
[EventCountry "GER"]

1. d4 Nf6 2. c4 c5 3. d5 b5 4. cxb5 a6 5. f3 d6 6. e4 g6 7. Ne2 axb5 8. Ng3 b4
9. Nd2 Bg7 10. a4 bxa3 11. Rxa3 Rxa3 12. bxa3 O-O 13. Nc4 Na6 14. Bd2 Qd7 15.
Bd3 Qa7 16. O-O Bd7 17. Qe2 Nc7 18. Rb1 Nb5 19. Bc1 Nd4 20. Qa2 Bb5 21. Ne2 Nd7
22. Nxd4 Bxd4+ 23. Kh1 Qa6 24. Qc2 Nb6 25. Nb2 c4 26. Be2 Qa5 27. h3 Qe1+ 28.
Kh2 Bg1+ 29. Kh1 Bf2+ 0-1

[Event "DEM U10"]
[Site "Willingen"]
[Date "2006.06.07"]
[Round "8.4"]
[White "Xu, Xianliang"]
[Black "Große, Christian"]
[Result "1-0"]
[WhiteElo "1542"]
[BlackElo "1552"]
[PlyCount "45"]
[EventDate "2006.??.??"]
[EventType "swiss"]
[EventRounds "11"]
[EventCountry "GER"]

1. e4 c5 2. Nf3 a6 3. b4 b6 4. bxc5 bxc5 5. Nc3 Nc6 6. Bc4 g6 7. O-O Bg7 8. Rb1
Nf6 9. e5 Nh5 10. Re1 Qc7 11. Nd5 Qd8 12. d3 d6 13. exd6 Qxd6 14. Ba3 O-O 15.
Rb6 e6 16. Rxc6 Qd7 17. Rc7 Qd8 18. Ne7+ Kh8 19. Rxc8 Rxc8 20. Nxc8 Qxc8 21.
Qb1 Qc7 22. Bb2 Rb8 23. Bxg7+ 1-0

[Event "DEM U10"]
[Site "Willingen"]
[Date "2006.06.07"]
[Round "8.5"]
[White "Müller, Georg"]
[Black "Möhn, Hans"]
[Result "0-1"]
[WhiteElo "1402"]
[BlackElo "1580"]
[PlyCount "90"]
[EventDate "2006.??.??"]
[EventType "swiss"]
[EventRounds "11"]
[EventCountry "GER"]

1. f4 g6 2. e3 Bg7 3. Nf3 Nf6 4. d4 O-O 5. Bd3 d6 6. Nbd2 Nfd7 7. O-O e5 8. Nc4
Re8 9. Be2 e4 10. Ne1 Nb6 11. Nxb6 axb6 12. c4 d5 13. Nc2 Bf8 14. b3 c6 15. Bb2
Be6 16. cxd5 Qxd5 17. Bc4 Qd7 18. Bxe6 Qxe6 19. Qd2 Na6 20. Qc3 Qd5 21. Rf2 f5
22. Ba3 Bxa3 23. Nxa3 b5 24. Qd2 Qd6 25. Nc2 Nc7 26. Ne1 Nd5 27. g3 Ra6 28. Qc1
Rea8 29. Rb2 Nb4 30. Qb1 Qb8 31. a4 Nd5 32. Nc2 bxa4 33. bxa4 Nc3 34. Qe1 Nxa4
35. Rbb1 Nb6 36. Rxa6 Rxa6 37. Qb4 Nd5 38. Qxb7 Qxb7 39. Rxb7 Ra2 40. Nb4 Rb2
41. Rb8+ Kf7 42. Rb7+ Kf6 43. Rxh7 Rxb4 44. h4 Nxe3 45. Rh6 Rb1+ 0-1

[Event "DEM U10"]
[Site "Willingen"]
[Date "2006.06.07"]
[Round "8.6"]
[White "Blübaum, Matthias"]
[Black "Toker, David"]
[Result "1/2-1/2"]
[WhiteElo "1475"]
[BlackElo "1118"]
[PlyCount "99"]
[EventDate "2006.??.??"]
[EventType "swiss"]
[EventRounds "11"]
[EventCountry "GER"]

1. d4 Nf6 2. c4 g6 3. Nc3 Bg7 4. e4 d6 5. Nf3 O-O 6. Be2 e5 7. Be3 exd4 8. Nxd4
Re8 9. f3 Bd7 10. O-O Nc6 11. Qd2 Nxd4 12. Bxd4 a6 13. Rad1 Nh5 14. Bxg7 Nxg7
15. Rfe1 Bc6 16. Bf1 Rb8 17. Ne2 b6 18. Nd4 Qd7 19. Kf2 Bb7 20. a3 Ne6 21. Nxe6
Rxe6 22. b4 Re7 23. c5 Rd8 24. cxd6 Qxd6 25. Qxd6 Rxd6 26. Rxd6 cxd6 27. Rd1
Rd7 28. g3 b5 29. Bh3 Rd8 30. Rc1 d5 31. e5 d4 32. f4 Bd5 33. Bg2 Bc4 34. Rd1
d3 35. Rd2 Kf8 36. Ke3 Re8 37. Kf2 g5 38. Bf1 gxf4 39. gxf4 f6 40. exf6 Re4 41.
Kf3 Re6 42. Bxd3 Bxd3 43. Rxd3 Rxf6 44. Rd8+ Kg7 45. Rd7+ Kg6 46. Kg4 h5+ 47.
Kg3 Rc6 48. Rd3 Kf5 49. Rf3 Rf6 50. Re3 1/2-1/2

[Event "DEM U10"]
[Site "Willingen"]
[Date "2006.06.07"]
[Round "8.7"]
[White "Eigemann, Frederik"]
[Black "Rührmund, Daniel"]
[Result "1/2-1/2"]
[WhiteElo "1372"]
[BlackElo "1470"]
[PlyCount "110"]
[EventDate "2006.??.??"]
[EventType "swiss"]
[EventRounds "11"]
[EventCountry "GER"]

1. e4 c5 2. Nc3 e6 3. g3 a6 4. a4 b6 5. Bg2 Bb7 6. d3 Be7 7. Nge2 Nf6 8. O-O
Qc7 9. f4 O-O 10. f5 Rd8 11. Bd2 e5 12. Qe1 d5 13. exd5 Nxd5 14. Nxd5 Bxd5 15.
Bxd5 Rxd5 16. Nc3 Rd7 17. Qe4 Ra7 18. Nd5 Qc6 19. Nxe7+ Rxe7 20. Qxc6 Nxc6 21.
Bc3 f6 22. Kg2 a5 23. Rae1 Rac7 24. Kg1 Rc8 25. Rf2 Nd4 26. Kg2 Rd7 27. b3 Kf7
28. Kf1 Ke7 29. Re3 Kd6 30. Ke1 Kd5 31. Kd2 Re7 32. Rf1 Rce8 33. Re4 Nc6 34.
Rf2 Nd8 35. Rfe2 Nf7 36. g4 Kc6 37. h4 h6 38. Bb2 Nd6 39. R4e3 e4 40. Ba1 Kd7
41. Bb2 h5 42. gxh5 Nxf5 43. Rxe4 Rxe4 44. Rxe4 Rxe4 45. dxe4 Nxh4 46. Kc3 Nf3
47. Kc4 Kc6 48. h6 gxh6 49. Bxf6 Ng5 50. e5 Ne6 51. c3 h5 52. b4 axb4 53. cxb4
cxb4 54. Kxb4 Nf4 55. Kc4 Ne6 1/2-1/2

[Event "DEM U10"]
[Site "Willingen"]
[Date "2006.06.07"]
[Round "8.8"]
[White "Engshuber, Maximilian"]
[Black "Stahnecker, Ludwig"]
[Result "0-1"]
[WhiteElo "1228"]
[BlackElo "1447"]
[PlyCount "34"]
[EventDate "2006.??.??"]
[EventType "swiss"]
[EventRounds "11"]
[EventCountry "GER"]

1. e4 c5 2. Nf3 e6 3. d4 cxd4 4. Nxd4 Nf6 5. Nc3 Nc6 6. Ndb5 Bb4 7. a3 Bxc3+ 8.
Nxc3 d5 9. exd5 exd5 10. Bg5 d4 11. Ne4 Qe7 12. f3 h6 13. Bxf6 gxf6 14. Qd2 f5
15. O-O-O fxe4 16. fxe4 Qg5 17. Bb5 Qxb5 0-1